UM Logo

Political ideologies: (Record no. 4511)

MARC details
000 -LEADER
fixed length control field 00549nam a22001697a 4500
008 - FIXED-LENGTH DATA ELEMENTS--GENERAL INFORMATION
fixed length control field 160912b xxu||||| |||| 00| 0 eng d
020 ## - INTERNATIONAL STANDARD BOOK NUMBER
International Standard Book Number 0130208884
082 ## - DEWEY DECIMAL CLASSIFICATION NUMBER
Edition number 2000
Classification number DC 320.509
Item number B23
100 ## - MAIN ENTRY--PERSONAL NAME
9 (RLIN) 14530
Personal name Leon P. Baradat
245 ## - TITLE STATEMENT
Title Political ideologies:
Remainder of title their origins and impact/
Statement of responsibility, etc. Leon P. Baradat.
260 ## - PUBLICATION, DISTRIBUTION, ETC. (IMPRINT)
Place of publication, distribution, etc. New Jersey:
Name of publisher, distributor, etc. Prentice Hall,
Date of publication, distribution, etc. c2000.
300 ## - PHYSICAL DESCRIPTION
Extent xiv, 338 pages:
Other physical details illustrations;
Dimensions 23 cm.
500 ## - GENERAL NOTE
General note Includes glossary and index.
650 #0 - SUBJECT ADDED ENTRY--TOPICAL TERM
9 (RLIN) 14531
Topical term or geographic name as entry element Political science
Form subdivision History
365 ## - TRADE PRICE
Price type code Php
Price amount 2415.00
942 ## - ADDED ENTRY ELEMENTS (KOHA)
Source of classification or shelving scheme Dewey Decimal Classification
Koha item type Circulation
Holdings
Withdrawn status Lost status Source of classification or shelving scheme Damaged status Not for loan Collection code Home library Current library Shelving location Date acquired Source of acquisition Total Checkouts Full call number Barcode Date last seen Date last checked out Copy number Price effective from Koha item type
    Dewey Decimal Classification     Circulation UM Digos College - LIC UM Digos College - LIC Book Cart 10/13/2003 Purchased 2 DC 320.509 B23 2000 16193 05/15/2025 11/27/2024 1 09/12/2016 Circulation